000 00493nam a2200181Ia 4500
999 _c29926
_d29926
003 OSt
005 20201117123044.0
008 190216s9999||||xx |||||||||||||| ||und||
020 _a9788126429080
040 _coclc
082 _a894.8123
_bMUM/A
100 _aMumthas, Khadeeja
_96671
245 0 _aAthuram /
_cKhadeeja Mumthas
260 _bDc Books,
_c2011.
_aKottayam:
300 _a188p
650 _aNovel
942 _cBK
_2ddc
_h894.8123
_iMUM/A
_k894.8123
_mMUM/A